Les héroïnes de Disney - Statistiques

Statistiques générales
  • Ce quiz a été pris 153 fois
  • Le résultat moyen est 21 sur 24
Statistiques - réponses
Par images Réponse % Correct
Cendrillon
99%
Raiponce
99%
Ariel
98%
Belle
98%
Elsa
98%
Lilo
98%
Mulan
98%
Vaiana
98%
Blanche-neige
97%
Dorie
97%
Jasmine
97%
Anna
95%
Clochette
95%
Alice
94%
Aurore
94%
Pocahontas
94%
Tiana
90%
Rebelle
89%
Jane
86%
Violet
75%
Vanellope
71%
Jessie
69%
Asha
47%
Hélène
29%
Aucun quiz correspondant
Distribution des résultats
% des personnes avec chaque résultat
Percentile par nombre de réponses
Votre historique - résultats
Vous n’avez pas pris ce quiz